| 000 | 00720cam a22002292 4500 | ||
|---|---|---|---|
| 001 | 22232 | ||
| 003 | BD-RjUL | ||
| 005 | 20211209000801.0 | ||
| 008 | 140306s1958 xx 000 0 eng u | ||
| 035 | _a(BD-RjUL)22297 | ||
| 040 |
_cOUN _dOCL _dUKM _dEQO _dBD-RjUL _aBD-RjUL _beng |
||
| 041 | _aeng | ||
| 082 |
_a913.02 _bROG |
||
| 090 |
_aGB55 _b.R6x |
||
| 100 | 1 |
_aRobinson, H. _q(Harry), _d1915- _968628 |
|
| 245 | 1 | 0 |
_aGeographical outlines for "advanced" students / _cby H. Robinson. |
| 260 |
_aLondon : _bMacdonald and Evans, _c1958. |
||
| 300 |
_avii, 108 p. : _billus., charts, map. ; _c19 cm. |
||
| 504 | _aBibliography: p. 90-93. | ||
| 650 | 0 |
_aPhysical geography _xOutlines, syllabi, etc. _934080 |
|
| 942 |
_2ddc _cBK |
||
| 999 |
_c22232 _d22232 |
||